Инструкция по проектированию, изготовлению и применению конструкций и изделий из арболита. СН 549-82

Λεπτομέρειες βιβλιογραφικής εγγραφής
Συγγραφή απο Οργανισμό/Αρχή: СССР Государственный комитет по делам строительства (Госстрой СССР)
Γλώσσα:Ρωσικά
Έκδοση: Москва, Стройиздат, 1983
Έκδοση:Изд. официальное
Θέματα:
Μορφή: MixedMaterials Βιβλίο
KOHA link:https://koha.lib.tpu.ru/cgi-bin/koha/opac-detail.pl?biblionumber=140033

MARC

LEADER 00000nam0a2200000 4500
001 140033
005 20231031141934.0
029 1 0 |a RU  |b 549-82  |c СН 
035 |a (RuTPU)RU\TPU\book\151704 
035 |a RU\TPU\book\151703 
090 |a 140033 
100 |a 20080618d1983 k y0rusy50 ca 
101 0 |a rus 
102 |a RU 
105 |a a l 000zy 
200 1 |a Инструкция по проектированию, изготовлению и применению конструкций и изделий из арболита. СН 549-82  |f СССР, Государственный комитет по делам строительства (Госстрой СССР) 
205 |a Изд. официальное 
210 |a Москва  |c Стройиздат  |d 1983 
215 |a 45 с.  |c ил. 
229 |a Утверждена постановлением Государственного комитета СССР по делам строительства от 4 мая 1982 г. № 116 
610 1 |a СН 
610 1 |a проектирование 
610 1 |a изготовление 
610 1 |a применение 
610 1 |a конструкции 
610 1 |a арболит 
675 |a 691(083)  |v 3 
712 0 1 |a СССР  |b Государственный комитет по делам строительства (Госстрой СССР)  |c (1950-1991)  |2 stltpush  |3 (RuTPU)RU\TPU\col\7934 
801 1 |a RU  |b 63413507  |c 20030819  |g PSBO 
801 2 |a RU  |b 63413507  |c 20221207  |g PSBO 
942 |c BK